000 00789nam a2200265Ia 4500
003 OSt
005 20221006160148.0
006 a|||||r|||| 00| 0
007 ta
008 221006b |||||||| |||| 00| 0 eng d
020 _a9788988095652
_c
_18.63
024 _a44,489
037 _bGift, KCC (Window on Korea)
_cTextual
040 _aEASL
_cEASL
_beng
041 _2eng
_aeng
082 _aO495,3N02, G4
100 _aCh'ae Man-shik
_9672162
245 0 _aMy innocent uncle
260 _aSeoul
_bJimoondang
_c2003
300 _a118p.
_ccm.
490 _v KEL
_a(Short fiction) The portable library of Korean literature No.17
650 _aKEL
942 _hO495,3N02, G4
_cTEXL
_2CC
999 _c1112581
_d1112581